000 00910nam a2200265 a 4500
001 59619
003 BD-RjUL
005 20211209080742.0
008 161226s1978 ii b 001 0 eng d
020 _a333906403
035 _a(BD-RjUL )59743
040 _aCU-S
_cCU-S
_dBD-RjUL
_dBD-RjUL
_beng
041 _aeng
082 _223
_a327.54
_bNAT 1978
100 1 _aNaik, J. A.
_9177344
245 1 2 _aA textbook of international relations :
_ba study of India and the Third World /
_cJ.A. Naik.
260 _aDelhi :
_bMacmillan Company of India,
_c1978.
300 _a178 p. ;
_c22 cm.
504 _aIncludes bibliographical references and index.
650 0 _aInternational relations.
_9172346
650 0 _aPacific settlement of international disputes.
_9177345
650 0 _aPacific settlement of international disputes
_zIndia.
_9177346
651 0 _aIndia
_xForeign relations.
_9172449
942 _2ddc
_cBK
999 _c59619
_d59619